|
|
|
|
| LEADER |
00000nam a22000007i 4500 |
| 001 |
IT\ICCU\RT1\0004180 |
| 003 |
ItRI |
| 005 |
20240123193726.0 |
| 008 |
110204s2010 it |||||| ||||| |||||c |
| 020 |
|
|
|a 9788823015371
|
| 040 |
|
|
|b ita
|c GP
|
| 041 |
|
7 |
|a ita
|2 ISO-639-2
|
| 245 |
0 |
0 |
|a Roma tra passato e futuro :
|b economia sostenibile e beni pubblici per un nuovo policentrismo metropolitano e regionale /
|c a cura di Antonio Castronovi.
|
| 260 |
|
|
|a Roma :
|b Ediesse,
|c 2010
|
| 300 |
|
|
|a 301 p. :
|b Ill. ;
|c 21 cm.
|
| 700 |
1 |
|
|a Castronovi, Antonio
|0 IT\ICCU\BVEV\139024
|4 aut
|
| 830 |
|
0 |
|a Materiali
|0 IT\ICCU\RMG\0034678
|
| 942 |
|
|
|2 ddc
|c BK
|
| 952 |
|
|
|0 0
|1 0
|2 ddc
|4 0
|6 338_945632000000000_CAS
|7 1
|9 530
|a RM
|b RM
|d 2024-01-23
|l 0
|o 338.945632 CAS
|p 22
|r 2024-01-23 19:38:10
|w 2024-01-23
|y BK
|
| 981 |
|
1 |
|6 z01
|a i
|b xxxe
|
| 982 |
|
1 |
|6 z01
|a n
|
| 999 |
|
|
|c 455
|d 455
|